000 00558nam a2200181Ia 4500
003 GCL
008 140319s9999 xx 000 0 ara d
040 _aGCL /
_cGCL
082 0 4 _a502
_bع ذ
100 1 _aابراهيم على العسيرى
245 1 0 _aالذرة /
_cابراهيم على العسيرى
260 _a[S.N] :
_bالهيئة المصرية العامة للكتاب ،
_c1992
300 _a113ص
490 _aالعلم والحياة
_v0
650 0 4 _aالذرات
650 0 4 _aالفيزياء النووية
942 _2ddc
_cBK
999 _c30315
_d30315